000 00784cam a2200241 a 4500
999 _c7280
_d7280
001 1948567
003 OSt
005 20190205145957.0
008 870302s1987 orua b 000 0 eng
010 _a 87005699
020 _a0880701935 (pbk.) :
_c$5.95
040 _aDLC
_cDLC
_dDLC
050 0 0 _aBS1450 23rd
_b.B25 1987
082 0 0 _a242.5
_219
_bB167W
100 1 _aBaker, Don.
245 1 4 _aThe way of the shepherd :
_bcourage and contentment from the 23rd Psalm /
_cDon Baker ; [photography by Åke Lundberg].
260 _aPortland, Or. :
_bMultnomah Press,
_cc1987.
300 _a[95] p. :
_bcol. ill. ;
_c22 cm.
504 _aBibliography: p. [94].
630 0 0 _aBible.
_pPsalms, XXIII
_xMeditations.
906 _a7
_bcbc
_corignew
_d1
_eocip
_f19
_gy-gencatlg
942 _2ddc
_cBK